[Event "WCO2014"]
[Site "Tromso"]
[Date "2014.08.12"]
[Round "10.33"]
[WhiteID "5120241"]
[White "Roque Sola Gisela"]
[BlackID "24109622"]
[Black "Gerasimova Olga"]
[Result "1-0"]
[LiveChessVersion "1.4.3"]
[BlackElo "2045"]
[WhiteElo "1882"]

1. c4 {[%clk 1:30:55]} Nf6 {[%clk 1:30:55]} 2. Nc3 {[%clk 1:31:08]} d5
{[%clk 1:31:17]} 3. cxd5 {[%clk 1:31:08]} Nxd5 {[%clk 1:31:43]} 4. g3
{[%clk 1:31:05]} g6 {[%clk 1:31:35]} 5. Bg2 {[%clk 1:30:42]} c6 {[%clk 1:30:05]}
6. Nf3 {[%clk 1:27:51]} Bg7 {[%clk 1:29:51]} 7. O-O {[%clk 1:26:21]} O-O
{[%clk 1:29:49]} 8. d4 {[%clk 1:14:48]} Na6 {[%clk 1:22:40]} 9. Nxd5
{[%clk 0:56:09]} cxd5 {[%clk 1:22:44]} 10. Bf4 {[%clk 0:55:12]} Qb6
{[%clk 1:21:47]} 11. Qd2 {[%clk 0:54:05]} Bd7 {[%clk 1:07:50]} 12. Bh6
{[%clk 0:51:33]} Rfd8 {[%clk 1:04:46]} 13. Bxg7 {[%clk 0:49:55]} Kxg7
{[%clk 1:05:11]} 14. Rac1 {[%clk 0:48:21]} Nb4 {[%clk 0:46:53]} 15. a3
{[%clk 0:41:37]} Nc6 {[%clk 0:46:21]} 16. e3 {[%clk 0:40:02]} Na5
{[%clk 0:45:51]} 17. Rc3 {[%clk 0:35:31]} Nc4 {[%clk 0:41:37]} 18. Qc2
{[%clk 0:30:31]} Bg4 {[%clk 0:24:23]} 19. Nd2 {[%clk 0:20:29]} Qxb2
{[%clk 0:16:49]} 20. Rxc4 {[%clk 0:19:21]} Qxa3 {[%clk 0:15:54]} 21. Rc3
{[%clk 0:17:11]} Qd6 {[%clk 0:15:58]} 22. Qb3 {[%clk 0:15:40]} b6
{[%clk 0:14:54]} 23. Rfc1 {[%clk 0:15:43]} Be6 {[%clk 0:10:37]} 24. Rc7
{[%clk 0:13:24]} Rac8 {[%clk 0:07:37]} 25. Rxc8 {[%clk 0:12:55]} Rxc8
{[%clk 0:08:01]} 26. Rxc8 {[%clk 0:13:13]} Bxc8 {[%clk 0:08:26]} 27. Qxd5
{[%clk 0:13:04]} Qxd5 {[%clk 0:07:39]} 28. Bxd5 {[%clk 0:13:18]} e6
{[%clk 0:08:03]} 29. Bc6 {[%clk 0:13:32]} Ba6 {[%clk 0:07:52]} 30. Ne4
{[%clk 0:13:15]} f6 {[%clk 0:07:27]} 31. Nd6 {[%clk 0:12:56]} Kf8
{[%clk 0:06:25]} 32. Nb5 {[%clk 0:13:04]} Bxb5 {[%clk 0:06:13]} 33. Bxb5
{[%clk 0:13:29]} Ke7 {[%clk 0:06:29]} 34. Kf1 {[%clk 0:13:32]} Kd6
{[%clk 0:06:51]} 35. Ke2 {[%clk 0:13:37]} e5 {[%clk 0:06:51]} 36. Kd3
{[%clk 0:13:33]} f5 {[%clk 0:06:17]} 37. Kc4 {[%clk 0:13:17]} g5 {[%clk 0:06:14]}
38. f3 {[%clk 0:12:02]} h5 {[%clk 0:05:33]} 39. h4 {[%clk 0:11:51]} f4
{[%clk 0:05:27]} 40. dxe5+ {[%clk 0:11:10]} Kxe5 41. gxf4+ {[%clk 0:11:34]} gxf4
{[%clk 0:05:07]} 42. e4 {[%clk 0:11:58]} Kf6 {[%clk 0:01:57]} 43. Be8
{[%clk 0:12:18]} Kg7 {[%clk 0:01:11]} 44. Bxh5 {[%clk 0:12:36]} Kf6
{[%clk 0:01:21]} 45. Kd5 {[%clk 0:12:32]} Ke7 {[%clk 0:01:33]} 46. Bg6
{[%clk 0:12:20]} a5 {[%clk 0:01:46]} 47. e5 {[%clk 0:11:47]} a4 {[%clk 0:01:00]}
48. Bd3 {[%clk 0:11:59]} b5 {[%clk 0:00:51]} 49. Bxb5 {[%clk 0:12:10]} a3
{[%clk 0:01:17]} 50. Bc4 {[%clk 0:12:35]} Kf7 {[%clk 0:30:47]} 51. Kd6+
{[%clk 0:43:42]} Ke8 {[%clk 0:30:28]} 52. e6 {[%clk 0:43:59]} 1-0

[Event "WCO2014"]
[Site "Tromso"]
[Date "2014.08.12"]
[Round "10.32"]
[WhiteID "3503844"]
[White "Bosch Garcia Jacqueline"]
[BlackID "3801934"]
[Black "Cori T. Deysi"]
[Result "1/2-1/2"]
[LiveChessVersion "1.4.3"]
[BlackElo "2422"]
[WhiteElo "2173"]

1. e4 {[%clk 1:30:54]} e6 {[%clk 1:30:25]} 2. d4 {[%clk 1:31:19]} d5
{[%clk 1:30:50]} 3. Nd2 {[%clk 1:31:43]} b6 {[%clk 1:29:06]} 4. c3
{[%clk 1:30:53]} dxe4 {[%clk 1:25:20]} 5. Nxe4 {[%clk 1:31:10]} Bb7
{[%clk 1:25:47]} 6. Ng3 {[%clk 1:30:03]} Nd7 {[%clk 1:25:04]} 7. Nf3
{[%clk 1:29:47]} Ngf6 {[%clk 1:23:49]} 8. Bd3 {[%clk 1:27:34]} Be7
{[%clk 1:17:05]} 9. O-O {[%clk 1:27:41]} O-O {[%clk 1:08:04]} 10. Bc2
{[%clk 1:12:14]} c5 {[%clk 1:06:04]} 11. dxc5 {[%clk 1:09:44]} Nxc5
{[%clk 1:06:25]} 12. Qxd8 {[%clk 1:09:24]} Rfxd8 {[%clk 1:04:52]} 13. Nd4
{[%clk 1:09:33]} Nd5 {[%clk 1:03:49]} 14. Re1 {[%clk 1:02:52]} Bf6
{[%clk 1:02:36]} 15. Nde2 {[%clk 0:52:44]} Ba6 {[%clk 0:56:38]} 16. Rd1
{[%clk 0:44:55]} Rac8 {[%clk 0:54:25]} 17. Nd4 {[%clk 0:41:24]} h6
{[%clk 0:47:48]} 18. Ne4 {[%clk 0:39:01]} Bxd4 {[%clk 0:21:06]} 19. Rxd4
{[%clk 0:37:57]} e5 {[%clk 0:21:28]} 20. Rd2 {[%clk 0:32:44]} Ne6
{[%clk 0:21:18]} 21. Rd1 {[%clk 0:26:23]} Nef4 {[%clk 0:13:12]} 22. Bxf4
{[%clk 0:21:53]} Nxf4 {[%clk 0:13:41]} 23. Nd6 {[%clk 0:19:43]} Rc7
{[%clk 0:09:12]} 24. Nb5 {[%clk 0:14:04]} Rcd7 {[%clk 0:09:41]} 25. Nxa7
{[%clk 0:13:49]} Bb7 {[%clk 0:09:31]} 26. Rxd7 {[%clk 0:09:42]} Rxd7
{[%clk 0:10:00]} 27. Rd1 {[%clk 0:09:57]} Rxd1+ {[%clk 0:09:09]} 28. Bxd1
{[%clk 0:10:26]} Nxg2 {[%clk 0:06:43]} 29. Nb5 {[%clk 0:10:37]} Nf4
{[%clk 0:06:19]} 30. Nd6 {[%clk 0:09:55]} Bd5 {[%clk 0:02:17]} 31. Bb3
{[%clk 0:10:02]} Bxb3 {[%clk 0:02:13]} 32. axb3 {[%clk 0:10:31]} Nd3
{[%clk 0:02:35]} 33. c4 {[%clk 0:07:14]} Nxb2 {[%clk 0:01:26]} 34. Nc8
{[%clk 0:07:26]} Kf8 {[%clk 0:01:20]} 35. Nxb6 {[%clk 0:07:49]} Ke7
{[%clk 0:01:49]} 36. Kg2 {[%clk 0:06:03]} Kd6 {[%clk 0:02:13]} 37. Kf3
{[%clk 0:04:50]} Kc5 {[%clk 0:01:53]} 38. Nd7+ {[%clk 0:02:48]} Kd6
{[%clk 0:01:33]} 39. Nb6 {[%clk 0:03:11]} Kc5 {[%clk 0:01:16]} 40. Nd7+
{[%clk 0:03:40]} Kd4 {[%clk 0:01:01]} 41. c5 {[%clk 0:01:49]} e4+
{[%clk 0:01:04]} 42. Ke2 {[%clk 0:01:13]} Kd5 {[%clk 0:00:58]} 43. c6
{[%clk 0:26:48]} Kxc6 {[%clk 0:29:08]} 44. Ne5+ {[%clk 0:27:13]} Kd5
{[%clk 0:29:35]} 45. Nxf7 {[%clk 0:27:37]} Nd3 {[%clk 0:29:22]} 46. Ke3
{[%clk 0:27:31]} Ne1 {[%clk 0:26:24]} 47. Nd8 {[%clk 0:27:00]} Nf3
{[%clk 0:21:11]} 48. h3 {[%clk 0:26:57]} Nd4 {[%clk 0:21:29]} 49. Nf7
{[%clk 0:20:38]} Nxb3 {[%clk 0:20:32]} 50. f3 {[%clk 0:21:05]} exf3
{[%clk 0:08:06]} 51. Kxf3 {[%clk 0:21:34]} Nd4+ {[%clk 0:07:00]} 52. Kf4
{[%clk 0:20:21]} Nc6 {[%clk 0:04:17]} 53. Kf5 {[%clk 0:18:57]} Ne7+
{[%clk 0:04:47]} 54. Kg4 {[%clk 0:17:30]} Ke6 {[%clk 0:04:36]} 55. Nd8+
{[%clk 0:17:53]} Kf6 {[%clk 0:04:53]} 56. Nb7 {[%clk 0:18:12]} Kg6
{[%clk 0:02:51]} 57. Nc5 {[%clk 0:18:18]} Nd5 {[%clk 0:03:07]} 58. Nd3
{[%clk 0:17:37]} h5+ {[%clk 0:03:05]} 59. Kg3 {[%clk 0:17:46]} Kf5
{[%clk 0:03:19]} 60. Nf2 {[%clk 0:13:02]} g6 {[%clk 0:02:44]} 61. Kf3
{[%clk 0:11:16]} Nc3 {[%clk 0:02:35]} 62. Ke3 {[%clk 0:08:57]} Kg5
{[%clk 0:02:44]} 63. Kf3 {[%clk 0:09:17]} Kh4 {[%clk 0:03:02]} 64. Kg2
{[%clk 0:09:23]} Nd5 {[%clk 0:03:22]} 65. Kf3 {[%clk 0:09:20]} g5
{[%clk 0:03:42]} 66. Kg2 {[%clk 0:09:28]} Ne3+ {[%clk 0:01:27]} 67. Kh2
{[%clk 0:07:39]} Nc4 {[%clk 0:01:13]} 68. Nd3 {[%clk 0:07:09]} g4
{[%clk 0:00:34]} 69. hxg4 {[%clk 0:07:34]} hxg4 {[%clk 0:01:03]} 70. Nf4
{[%clk 0:05:51]} g3+ {[%clk 0:00:53]} 71. Kg1 {[%clk 0:05:42]} Ne5
{[%clk 0:00:44]} 72. Ne2 {[%clk 0:05:22]} Nf3+ {[%clk 0:01:05]} 73. Kg2
{[%clk 0:05:40]} 1/2-1/2

[Event "WCO2014"]
[Site "Tromso"]
[Date "2014.08.12"]
[Round "10.31"]
[WhiteID "3801888"]
[White "Apaza Flor"]
[BlackID "3603806"]
[Black "Romero Echeverria Abigail"]
[Result "0-1"]
[LiveChessVersion "1.4.3"]
[BlackElo "2098"]
[WhiteElo "1552"]

1. c4 {[%clk 1:30:57]} c5 {[%clk 1:30:53]} 2. g3 {[%clk 1:31:04]} g6
{[%clk 1:31:16]} 3. Bg2 {[%clk 1:30:50]} Bg7 {[%clk 1:31:39]} 4. Nf3
{[%clk 1:30:59]} Nc6 {[%clk 1:32:02]} 5. O-O {[%clk 1:28:53]} d6 {[%clk 1:29:54]}
6. Nc3 {[%clk 1:25:44]} e6 {[%clk 1:30:12]} 7. e3 {[%clk 1:19:43]} Nge7
{[%clk 1:30:10]} 8. Rb1 {[%clk 1:16:30]} O-O {[%clk 1:18:26]} 9. a3
{[%clk 1:13:21]} b6 {[%clk 1:04:40]} 10. d4 {[%clk 1:09:17]} Bb7 {[%clk 1:01:18]}
11. d5 {[%clk 1:06:17]} exd5 {[%clk 0:44:40]} 12. Nxd5 {[%clk 1:05:38]} Nxd5
{[%clk 0:44:00]} 13. Qxd5 {[%clk 0:55:53]} Na5 {[%clk 0:44:14]} 14. Qd3
{[%clk 0:56:01]} d5 {[%clk 0:42:45]} 15. Nd2 {[%clk 0:56:10]} dxc4
{[%clk 0:42:29]} 16. Qxd8 {[%clk 0:55:13]} Raxd8 {[%clk 0:42:52]} 17. Bxb7
{[%clk 0:55:18]} Nxb7 {[%clk 0:43:16]} 18. Nxc4 {[%clk 0:55:12]} b5
{[%clk 0:42:43]} 19. Nd2 {[%clk 0:55:18]} Rd3 {[%clk 0:42:44]} 20. b4
{[%clk 0:34:50]} c4 {[%clk 0:41:11]} 21. a4 {[%clk 0:35:13]} a6 {[%clk 0:41:34]}
22. axb5 {[%clk 0:35:08]} axb5 {[%clk 0:42:03]} 23. Ne4 {[%clk 0:35:26]} Rc8
{[%clk 0:40:40]} 24. Bb2 {[%clk 0:31:46]} c3 {[%clk 0:38:36]} 25. Rbc1
{[%clk 0:29:31]} Rc4 {[%clk 0:37:56]} 26. Nxc3 {[%clk 0:21:17]} Bxc3
{[%clk 0:37:56]} 27. Bxc3 {[%clk 0:21:43]} Rdxc3 {[%clk 0:38:12]} 28. Rxc3
{[%clk 0:22:11]} Rxc3 {[%clk 0:38:33]} 29. Rd1 {[%clk 0:22:38]} Rc6
{[%clk 0:38:11]} 30. Rd5 {[%clk 0:20:55]} Nd6 {[%clk 0:38:22]} 31. f3
{[%clk 0:19:15]} Kf8 {[%clk 0:37:25]} 32. e4 {[%clk 0:16:27]} Rb6
{[%clk 0:35:19]} 33. h4 {[%clk 0:10:18]} Ke7 {[%clk 0:31:08]} 34. Re5+
{[%clk 0:08:15]} Kd7 {[%clk 0:29:42]} 35. Rd5 {[%clk 0:05:17]} Ke6
{[%clk 0:29:45]} 36. f4 {[%clk 0:04:09]} f6 {[%clk 0:29:57]} 37. Kg2
{[%clk 0:02:46]} Nxe4 {[%clk 0:29:27]} 38. Rd8 {[%clk 0:02:41]} Nd6
{[%clk 0:24:56]} 39. g4 {[%clk 0:02:11]} Rc6 {[%clk 0:23:33]} 40. Rh8
{[%clk 0:02:10]} Rc4 {[%clk 0:23:07]} 41. Kf3 {[%clk 0:02:03]} Rc3+
{[%clk 0:22:36]} 42. Kg2 {[%clk 0:30:39]} Rc7 {[%clk 0:53:25]} 43. Kf3
{[%clk 0:29:55]} Kd5 {[%clk 0:53:30]} 44. Ke3 {[%clk 0:26:19]} Kc4
{[%clk 0:51:27]} 45. Rd8 {[%clk 0:24:32]} Re7+ {[%clk 0:51:51]} 46. Kf3
{[%clk 0:22:49]} Nf7 {[%clk 0:51:56]} 47. Rc8+ {[%clk 0:21:58]} Kxb4
{[%clk 0:52:21]} 48. Rc6 {[%clk 0:22:23]} Kb3 {[%clk 0:48:48]} 49. Rxf6
{[%clk 0:21:36]} b4 {[%clk 0:49:15]} 50. Rc6 {[%clk 0:19:37]} Kb2
{[%clk 0:49:09]} 51. Rb6 {[%clk 0:19:24]} b3 {[%clk 0:49:33]} 52. h5
{[%clk 0:18:46]} gxh5 {[%clk 0:49:18]} 53. gxh5 {[%clk 0:19:11]} Rc7
{[%clk 0:49:02]} 54. Re6 {[%clk 0:18:44]} Rb7 {[%clk 0:47:08]} 55. Kg4
{[%clk 0:18:50]} Kc3 {[%clk 0:47:22]} 56. Re3+ {[%clk 0:09:00]} Kd2
{[%clk 0:47:09]} 0-1

[Event "WCO2014"]
[Site "Tromso"]
[Date "2014.08.12"]
[Round "10.30"]
[WhiteID "3600424"]
[White "Moncayo Romero Evelyn"]
[BlackID "3810500"]
[Black "Bocangel Chavez Marjoire J."]
[Result "1-0"]
[LiveChessVersion "1.4.3"]
[BlackElo "1731"]
[WhiteElo "2119"]

1. e4 {[%clk 1:30:53]} e6 {[%clk 1:30:51]} 2. d4 {[%clk 1:31:18]} d5
{[%clk 1:31:16]} 3. Nc3 {[%clk 1:31:43]} dxe4 {[%clk 1:29:17]} 4. Nxe4
{[%clk 1:32:07]} Nf6 {[%clk 1:27:00]} 5. Nxf6+ {[%clk 1:32:12]} Qxf6
{[%clk 1:26:29]} 6. Bd3 {[%clk 1:32:31]} c5 {[%clk 1:25:23]} 7. Nf3
{[%clk 1:32:51]} Qd8 {[%clk 1:24:19]} 8. O-O {[%clk 1:30:35]} Nc6
{[%clk 1:21:02]} 9. dxc5 {[%clk 1:22:02]} Bxc5 {[%clk 1:17:28]} 10. Ng5
{[%clk 1:21:46]} Ne5 {[%clk 1:12:48]} 11. Bb5+ {[%clk 1:20:45]} Bd7
{[%clk 1:11:23]} 12. Nxe6 {[%clk 1:20:38]} Bxf2+ {[%clk 0:51:57]} 13. Rxf2
{[%clk 1:20:15]} fxe6 {[%clk 0:52:00]} 14. Qh5+ {[%clk 1:17:39]} Ng6
{[%clk 0:52:10]} 15. Bg5 {[%clk 1:14:40]} Qb6 {[%clk 0:48:13]} 16. Bd3
{[%clk 1:12:54]} e5 {[%clk 0:34:01]} 17. Re1 {[%clk 1:09:09]} Rf8
{[%clk 0:33:41]} 18. Rxe5+ {[%clk 1:09:02]} Be6 {[%clk 0:33:52]} 19. Rxe6+
{[%clk 1:06:05]} Qxe6 {[%clk 0:25:51]} 20. Bb5+ {[%clk 1:03:33]} Qc6
{[%clk 0:25:42]} 21. Bxc6+ {[%clk 1:02:58]} bxc6 {[%clk 0:25:58]} 22. Re2+
{[%clk 0:59:35]} Kf7 {[%clk 0:24:43]} 23. Qxh7 {[%clk 0:59:33]} Rh8
{[%clk 0:24:05]} 24. Rf2+ {[%clk 0:59:54]} 1-0

[Event "WCO2014"]
[Site "Tromso"]
[Date "2014.08.12"]
[Round "10.9"]
[WhiteID "16300149"]
[White "Lin Yu-Tong Elaine"]
[BlackID "9905049"]
[Black "Chandrasiri S A K"]
[Result "0-1"]
[LiveChessVersion "1.4.3"]
[BlackElo "1777"]
[WhiteElo "1519"]

1. d4 {[%clk 1:30:59]} Nf6 {[%clk 1:30:43]} 2. e3 {[%clk 1:31:05]} g6
{[%clk 1:30:20]} 3. Bd3 {[%clk 1:31:23]} d5 {[%clk 1:29:50]} 4. f4
{[%clk 1:31:14]} Bg7 {[%clk 1:29:19]} 5. Nd2 {[%clk 1:31:04]} Nbd7
{[%clk 1:25:09]} 6. Ngf3 {[%clk 1:30:03]} c5 {[%clk 1:24:07]} 7. c3
{[%clk 1:30:13]} O-O {[%clk 1:18:09]} 8. O-O {[%clk 1:28:46]} b6 {[%clk 1:07:35]}
9. Ne5 {[%clk 1:26:17]} Bb7 {[%clk 1:06:32]} 10. Qe1 {[%clk 1:20:29]} Ne4
{[%clk 1:03:19]} 11. Nxe4 {[%clk 1:15:44]} dxe4 {[%clk 1:03:43]} 12. Bc4
{[%clk 1:10:43]} Nxe5 {[%clk 1:02:50]} 13. fxe5 {[%clk 1:10:09]} Bd5
{[%clk 1:02:15]} 14. Bxd5 {[%clk 1:03:37]} Qxd5 {[%clk 1:02:39]} 15. Qh4
{[%clk 1:02:19]} f6 {[%clk 1:01:23]} 16. exf6 {[%clk 0:57:23]} Bxf6
{[%clk 1:01:35]} 17. Qg4 {[%clk 0:52:38]} Bg7 {[%clk 0:56:49]} 18. b3
{[%clk 0:35:23]} cxd4 {[%clk 0:52:58]} 19. cxd4 {[%clk 0:28:54]} Rxf1+
{[%clk 0:49:03]} 20. Kxf1 {[%clk 0:29:15]} Rf8+ {[%clk 0:49:30]} 21. Kg1
{[%clk 0:28:32]} Bxd4 {[%clk 0:48:54]} 22. Qd1 {[%clk 0:20:25]} Qf5
{[%clk 0:48:06]} 23. g4 {[%clk 0:15:15]} Qf2+ {[%clk 0:48:13]} 24. Kh1
{[%clk 0:15:15]} Bxa1 {[%clk 0:48:23]} 25. Ba3 {[%clk 0:12:57]} Qf3+
{[%clk 0:48:12]} 26. Qxf3 {[%clk 0:13:17]} Rxf3 {[%clk 0:48:37]} 27. Bxe7
{[%clk 0:11:46]} Rxe3 {[%clk 0:49:03]} 28. Bg5 {[%clk 0:11:48]} Re2
{[%clk 0:48:58]} 29. a4 {[%clk 0:12:08]} e3 {[%clk 0:49:14]} 30. h3
{[%clk 0:11:55]} Bd4 {[%clk 0:49:38]} 31. Kg1 {[%clk 0:10:34]} Rb2
{[%clk 0:49:39]} 32. Bh4 {[%clk 0:09:26]} e2+ {[%clk 0:50:02]} 33. Kh1
{[%clk 0:07:56]} Rb1+ {[%clk 0:49:54]} 0-1

[Event "WCO2014"]
[Site "Tromso"]
[Date "2014.08.12"]
[Round "10.10"]
[WhiteID "9903534"]
[White "Yashora Tiumi"]
[BlackID "16300955"]
[Black "Gao Yi-Ping"]
[Result "0-1"]
[LiveChessVersion "1.4.3"]
[BlackElo "1723"]
[WhiteElo "1715"]

1. d4 {[%clk 1:30:54]} Nf6 {[%clk 1:30:38]} 2. c4 {[%clk 1:31:15]} g6
{[%clk 1:31:05]} 3. Nc3 {[%clk 1:31:40]} Bg7 {[%clk 1:31:26]} 4. e4
{[%clk 1:32:05]} d6 {[%clk 1:31:48]} 5. f3 {[%clk 1:32:29]} O-O {[%clk 1:31:38]}
6. Bg5 {[%clk 1:32:47]} h6 {[%clk 1:30:57]} 7. Be3 {[%clk 1:33:08]} e5
{[%clk 1:29:54]} 8. d5 {[%clk 1:32:44]} c6 {[%clk 1:23:38]} 9. Qd2
{[%clk 1:30:41]} Kh7 {[%clk 1:23:54]} 10. Bd3 {[%clk 1:30:11]} a6
{[%clk 1:16:10]} 11. a4 {[%clk 1:19:53]} a5 {[%clk 1:15:50]} 12. Nge2
{[%clk 1:10:58]} Na6 {[%clk 1:16:05]} 13. Na2 {[%clk 0:57:47]} Ng8
{[%clk 1:08:32]} 14. O-O {[%clk 0:52:29]} f5 {[%clk 1:04:20]} 15. b4
{[%clk 0:29:58]} axb4 {[%clk 0:55:32]} 16. Nxb4 {[%clk 0:30:18]} Nxb4
{[%clk 0:55:53]} 17. Qxb4 {[%clk 0:30:43]} c5 {[%clk 0:55:48]} 18. Qb3
{[%clk 0:27:20]} f4 {[%clk 0:53:07]} 19. Bf2 {[%clk 0:21:47]} g5 {[%clk 0:52:36]}
20. Nc3 {[%clk 0:16:37]} h5 {[%clk 0:51:00]} 21. Be2 {[%clk 0:16:02]} g4
{[%clk 0:45:23]} 22. Kh1 {[%clk 0:09:57]} Qg5 {[%clk 0:44:27]} 23. g3
{[%clk 0:08:51]} gxf3 {[%clk 0:38:48]} 24. Bxf3 {[%clk 0:05:42]} fxg3
{[%clk 0:39:03]} 25. Bxg3 {[%clk 0:04:28]} h4 {[%clk 0:38:09]} 26. Bxh4
{[%clk 0:03:23]} Qxh4 {[%clk 0:38:26]} 27. Ne2 {[%clk 0:01:52]} Nh6
{[%clk 0:34:24]} 28. Bg2 {[%clk 0:01:09]} Ng4 {[%clk 0:30:31]} 29. h3
{[%clk 0:01:28]} Nf2+ {[%clk 0:29:31]} 30. Kh2 {[%clk 0:01:33]} Bg4
{[%clk 0:17:12]} 31. Ng3 {[%clk 0:01:22]} Rf3 {[%clk 0:16:09]} 32. Nf5
{[%clk 0:00:45]} Rxb3 {[%clk 0:12:47]} 33. Nxh4 {[%clk 0:01:12]} Nxh3
{[%clk 0:13:04]} 34. Bf3 {[%clk 0:01:11]} Bxf3 {[%clk 0:12:06]} 35. Rxf3 Rxf3
{[%clk 0:12:22]} 36. Nxf3 {[%clk 0:01:37]} Nf4 {[%clk 0:12:37]} 37. Nh4
{[%clk 0:00:58]} Nd3 {[%clk 0:06:50]} 38. Nf5 {[%clk 0:00:59]} Bf8
{[%clk 0:07:19]} 39. a5 {[%clk 0:00:49]} Nb2 {[%clk 0:05:56]} 40. Ne3
{[%clk 0:00:38]} Bh6 {[%clk 0:06:09]} 41. Rb1 {[%clk 0:28:58]} Bf4+
{[%clk 0:29:54]} 42. Kh3 {[%clk 0:26:44]} Bxe3 {[%clk 0:26:33]} 43. Rxb2
{[%clk 0:27:12]} Ra6 {[%clk 0:26:52]} 44. Rxb7+ {[%clk 0:26:57]} Kg6
{[%clk 0:26:43]} 45. Kg4 {[%clk 0:21:45]} Bd2 {[%clk 0:26:17]} 46. Rb6
{[%clk 0:20:21]} Rxb6 {[%clk 0:26:31]} 47. axb6 {[%clk 0:20:33]} Ba5
{[%clk 0:26:58]} 48. b7 {[%clk 0:20:55]} Bc7 {[%clk 0:27:26]} 49. Kh4
{[%clk 0:20:24]} Bb8 {[%clk 0:27:30]} 50. Kg4 {[%clk 0:20:38]} Kf6
{[%clk 0:25:40]} 51. Kh4 {[%clk 0:20:18]} Ke7 {[%clk 0:25:00]} 52. Kg5
{[%clk 0:20:17]} Kd7 {[%clk 0:19:08]} 53. Kf6 {[%clk 0:19:56]} Kc7
{[%clk 0:19:30]} 54. Ke7 {[%clk 0:20:11]} Kxb7 {[%clk 0:19:56]} 55. Kd7
{[%clk 0:20:03]} Kb6 {[%clk 0:20:13]} 56. Kc8 {[%clk 0:19:54]} Ka7
{[%clk 0:20:41]} 57. Kd7 {[%clk 0:18:52]} Kb7 {[%clk 0:21:04]} 58. Kd8
{[%clk 0:18:15]} Bc7+ {[%clk 0:21:15]} 59. Ke8 {[%clk 0:16:30]} Kc8
{[%clk 0:20:20]} 60. Ke7 {[%clk 0:14:50]} Bb8 {[%clk 0:20:26]} 61. Ke8
{[%clk 0:14:05]} Kc7 {[%clk 0:20:45]} 62. Ke7 {[%clk 0:14:29]} Ba7
{[%clk 0:21:10]} 63. Ke6 {[%clk 0:14:28]} Bb6 {[%clk 0:21:28]} 64. Ke7
{[%clk 0:14:07]} Ba5 {[%clk 0:21:54]} 65. Ke6 {[%clk 0:13:31]} Be1
{[%clk 0:22:19]} 66. Ke7 {[%clk 0:13:35]} Bg3 {[%clk 0:22:40]} 67. Ke6
{[%clk 0:13:40]} Bh4 {[%clk 0:23:07]} 68. Kf7 {[%clk 0:14:04]} Kd7
{[%clk 0:23:31]} 69. Kf8 {[%clk 0:14:29]} Bg5 {[%clk 0:22:06]} 70. Kf7
{[%clk 0:13:18]} Be7 {[%clk 0:22:32]} 71. Kg6 {[%clk 0:13:08]} Ke8
{[%clk 0:22:48]} 72. Kg7 {[%clk 0:13:35]} Bh4 {[%clk 0:22:06]} 73. Kg8
{[%clk 0:13:22]} Ke7 {[%clk 0:22:23]} 74. Kg7 {[%clk 0:13:34]} Bg5
{[%clk 0:22:24]} 75. Kg6 {[%clk 0:12:35]} Bf6 {[%clk 0:22:46]} 76. Kh5
{[%clk 0:12:53]} Kf7 {[%clk 0:23:02]} 77. Kh6 {[%clk 0:13:13]} Bd8
{[%clk 0:21:16]} 78. Kh7 {[%clk 0:13:09]} Kf6 {[%clk 0:21:01]} 79. Kh6
{[%clk 0:12:53]} Ba5 {[%clk 0:19:52]} 80. Kh5 {[%clk 0:12:54]} Bd2
{[%clk 0:19:58]} 81. Kh4 {[%clk 0:12:30]} Kg6 {[%clk 0:20:15]} 82. Kg4
{[%clk 0:12:56]} Be1 {[%clk 0:20:31]} 0-1

[Event "WCO2014"]
[Site "Tromso"]
[Date "2014.08.12"]
[Round "10.11"]
[WhiteID "16300459"]
[White "Liao Jo-Yu"]
[BlackID "9900888"]
[Black "Methmali Y."]
[Result "1/2-1/2"]
[LiveChessVersion "1.4.3"]
[BlackElo "1727"]
[WhiteElo "1478"]

1. e4 {[%clk 1:30:58]} d5 {[%clk 1:30:57]} 2. exd5 {[%clk 1:31:23]} Qxd5
{[%clk 1:31:20]} 3. Nc3 {[%clk 1:31:49]} Qd6 {[%clk 1:31:44]} 4. Nf3
{[%clk 1:32:05]} Nf6 {[%clk 1:31:57]} 5. d4 {[%clk 1:30:12]} a6 {[%clk 1:32:06]}
6. h3 {[%clk 1:29:02]} b5 {[%clk 1:32:00]} 7. a3 {[%clk 1:25:43]} Bb7
{[%clk 1:32:09]} 8. Be2 {[%clk 1:24:37]} e6 {[%clk 1:31:41]} 9. Be3
{[%clk 1:23:58]} Be7 {[%clk 1:31:22]} 10. O-O {[%clk 1:24:21]} O-O
{[%clk 1:30:16]} 11. Nb1 {[%clk 1:11:13]} Nbd7 {[%clk 1:28:01]} 12. Nh2
{[%clk 1:04:52]} Nd5 {[%clk 1:25:30]} 13. Bf3 {[%clk 1:02:17]} N7b6
{[%clk 1:22:33]} 14. Nd2 {[%clk 0:56:51]} Nxe3 {[%clk 1:17:30]} 15. fxe3
{[%clk 0:57:19]} Bxf3 {[%clk 1:13:16]} 16. Nhxf3 {[%clk 0:54:11]} c5
{[%clk 1:09:20]} 17. Ne4 {[%clk 0:51:18]} Qc6 {[%clk 1:07:19]} 18. Nxc5
{[%clk 0:50:20]} Bxc5 {[%clk 1:07:00]} 19. dxc5 {[%clk 0:50:46]} Qxc5
{[%clk 1:07:18]} 20. Re1 {[%clk 0:49:04]} Nc4 {[%clk 1:05:52]} 21. b4
{[%clk 0:42:59]} Qc7 {[%clk 0:59:03]} 22. Re2 {[%clk 0:36:16]} Rfd8
{[%clk 0:55:26]} 23. Qe1 {[%clk 0:35:53]} Qd6 {[%clk 0:47:15]} 24. c3
{[%clk 0:30:26]} Ra7 {[%clk 0:44:11]} 25. a4 {[%clk 0:22:26]} Rad7
{[%clk 0:41:57]} 26. axb5 {[%clk 0:22:09]} axb5 {[%clk 0:42:10]} 27. Nd4
{[%clk 0:21:14]} e5 {[%clk 0:33:21]} 28. Nxb5 {[%clk 0:20:50]} Qb6
{[%clk 0:33:12]} 29. Nd4 {[%clk 0:15:44]} exd4 {[%clk 0:30:34]} 30. exd4
{[%clk 0:16:12]} Qb8 {[%clk 0:25:54]} 31. Re7 {[%clk 0:14:09]} Rxe7
{[%clk 0:25:17]} 32. Qxe7 {[%clk 0:14:37]} Re8 {[%clk 0:24:51]} 33. Qc5
{[%clk 0:14:04]} Nd2 {[%clk 0:21:52]} 34. Qh5 {[%clk 0:06:59]} Qg3
{[%clk 0:17:41]} 35. Qe2 {[%clk 0:07:01]} Rc8 {[%clk 0:07:01]} 36. Qxd2
{[%clk 0:07:26]} g6 {[%clk 0:07:04]} 37. Rc1 {[%clk 0:06:57]} Re8
{[%clk 0:05:03]} 38. b5 {[%clk 0:06:20]} Re3 {[%clk 0:04:35]} 39. Qf2
{[%clk 0:05:46]} Rxc3 {[%clk 0:03:41]} 40. Qxg3 {[%clk 0:06:09]} Rxg3
{[%clk 0:03:49]} 41. Rc8+ {[%clk 0:04:39]} Kg7 {[%clk 0:03:52]} 42. b6
{[%clk 0:30:54]} Rb3 {[%clk 0:32:49]} 43. Rc6 {[%clk 0:31:15]} Kf8
{[%clk 0:22:50]} 44. Kf2 {[%clk 0:26:02]} h5 {[%clk 0:21:01]} 45. Ke2
{[%clk 0:21:05]} Ke7 {[%clk 0:20:43]} 46. Kd2 {[%clk 0:20:12]} Kd7
{[%clk 0:18:03]} 47. Rc7+ {[%clk 0:14:42]} Kd8 {[%clk 0:16:11]} 48. Rc6
{[%clk 0:12:20]} Kd7 {[%clk 0:15:47]} 49. Rc7+ {[%clk 0:12:48]} Kd8
{[%clk 0:15:35]} 50. Rxf7 {[%clk 0:12:49]} Rxb6 {[%clk 0:15:49]} 51. Rf2
{[%clk 0:08:51]} 1/2-1/2